000 00583nam a2200193Ia 4500
005 20250508165224.0
008 008 250505s9999 xx 000 0 eng d
020 _a978-81-266-4051-5
037 _aTextual
040 _aFEDL
_beng
_cFEDL
041 _aeng
_2eng
084 _a370, IGN
_qFEDL
245 0 _aOperational dimensions of education: MES- 015 (4 blocks)
245 0 _cIGNOU
260 _aNew Delhi, India
_bIndira Gandhi National Open University
_c2008
546 _aGifted by Vinay and Ashwini
942 _cTEXL
_h370, IGN
999 _c1393909
_d1393909